Nghệ thuật kể chuyện trong tiểu thuyết Sự hiền hòa của sói của Stef Penney

Stef Penney với tiểu thuyết trinh thám Sự hiền hòa của sói. Sự hiền hòa của sói – Biệt tài về nghệ thuật kể chuyện của Stef Penney. Hiệu quả nghệ thuật trong tiểu thuyết Sự hiền hòa của sói

Na minha lista:
Detalhes bibliográficos
Autor principal: Lê Thị Tư
Outros Autores: Đặng Thị Lan (Hướng dẫn)
Formato: Livro
Idioma:Vietnamese
Publicado em: Đà Nẵng Đại học Sư phạm, Đại học Đà Nẵng 2012
Assuntos:
Tags: Adicionar Tag
Sem tags, seja o primeiro a adicionar uma tag!
Thư viện lưu trữ: Mạng thư viện Đại học Đà Nẵng
LEADER 01804nam a2200349 4500
001 000016997
003 13408
005 20130117150102.0
008 130117s2012 viesd
041 0 |a vie 
082 |a 823  |b LÊ-T 
100 1 |a Lê Thị Tư 
245 |a Nghệ thuật kể chuyện trong tiểu thuyết Sự hiền hòa của sói của Stef Penney  |c Lê Thị Tư ; Đặng Thị Lan hướng dẫn  |k Khóa luận tốt nghiệp 
260 |a Đà Nẵng  |b Đại học Sư phạm, Đại học Đà Nẵng  |c 2012 
300 |a 64 tr.  |c 29 cm.  |e Đĩa CD, tài liệu tóm tắt 
500 |a Khóa luận tốt nghiệp đại học. Chuyên ngành: Cử nhân văn học 
504 |a Mục lục đầu trang, tài liệu tham khảo tr. 73 - 74, phụ lục [13 tr.] 
520 |a Stef Penney với tiểu thuyết trinh thám Sự hiền hòa của sói. Sự hiền hòa của sói – Biệt tài về nghệ thuật kể chuyện của Stef Penney. Hiệu quả nghệ thuật trong tiểu thuyết Sự hiền hòa của sói 
600 1 4 |a Stef Penney  |b Vua  |c Đinh Tiên Hoàng  |d 1969-  |t Sự hiền hòa của sói 
650 0 4 |a Tiểu thuyết Mỹ  |v Khóa luận tốt nghiệp  |x Nghiên cứu 
653 |a Tiểu thuyết trinh thám  |a Khoa Ngữ văn 
700 |a Đặng Thị Lan  |e Hướng dẫn 
OWN |a LSP 
AVA |a UDN50  |b LSP  |d 823 LÊ-T  |e available  |t Error 5001 Not defined in file expand_doc_bib_avail.  |f 1  |g 0  |h N  |i 0  |k 1 
999 |a From the UDN01 
AVA |a UDN50  |b LSP  |d 823 LÊ-T  |e available  |t Error 5001 Not defined in file expand_doc_bib_avail.  |f 1  |g 0  |h N  |i 0  |k 1 
TYP |a Monograph 
TYP |a Printed language 
980 |a Mạng thư viện Đại học Đà Nẵng